[Event "18th Aeroflot Open-A 2020"]
[Site "Moscow"]
[Date "2020.02.24"]
[Round "6.29"]
[White "Krishna C R G"]
[Black "Sargsyan, Shant"]
[Result "1/2-1/2"]
[WhiteElo "2443"]
[BlackElo "2594"]
[Annotator "TA"]
[PlyCount "105"]
[EventDate "2020.02.19"]
[EventType "swiss"]
[EventCountry "RUS"]
[SourceTitle "playchess.com"]
[Source "ChessBase"]
[SourceQuality "1"]

{[%evp 9,105,0,8,5,20,5,14,0,3,0,8,4,13,4,31,22,23,14,31,39,49,6,14,0,37,33,81,57,47,29,89,64,64,42,44,54,46,60,142,58,70,40,96,26,46,39,106,75,77,72,75,78,87,62,61,59,72,64,64,68,74,63,67,61,93,91,104,43,33,13,19,0,9,0,0,0,8,0,161,162,250,244,239,245,300,240,247,133,151,103,97,0,42,41,68,8,8,12]} 1. d4 Nf6 2. Nf3 g6 3. Nbd2 Bg7 4. e4 O-O 5. e5 Nh5 6. Bc4 {A48: 1 d4 Nf6 2 Nf3 g6: Torre, London and Colle Systems.} d6 {[#]} 7. exd6 $146 ({Predecessor:} 7. O-O Nc6 8. Qe2 Na5 9. Qe3 dxe5 10. dxe5 Nxc4 11. Nxc4 Qd5 12. Ncd2 h6 13. b3 g5 {½-½ (31) Al Sayed,M (2502)-Ganguly,S (2631) Sharjah 2014}) 7... exd6 8. O-O d5 9. Bb3 Be6 10. Re1 Nd7 11. Nf1 {[%cal Bd2f1,Bf1e3,Be3g4,Bg4e5][%mdl 32]} Ndf6 12. Ng5 Bc8 13. h3 {next g4 is good for White.} h6 14. Nf3 Ne4 15. Ne3 Be6 16. Ng4 Kh7 17. Nge5 b6 18. Be3 f5 19. Qe2 Nhf6 (19... c5 $11) 20. Rad1 g5 21. c3 Qe8 22. Bc2 Kg8 23. Bc1 f4 (23... c6 $14) 24. Nh2 (24. c4 $16) 24... Bf5 $14 25. Nf1 Qe6 (25... Nd6 $14) 26. f3 (26. Ba4 $16) 26... Nd6 $11 27. Ba4 Nc4 (27... b5 $1 $14 28. Bxb5 Nxb5 29. Qxb5 Rfe8) 28. b3 Nxe5 29. Qxe5 Qc8 30. Bc6 Rb8 31. Bxd5+ Kh8 {And now ...Re8 would win.} 32. Be6 $1 {[%cal Re6c8]} Bxe6 33. Qxe6 Qxe6 34. Rxe6 Nd5 35. Bb2 b5 36. Nd2 b4 37. cxb4 Nxb4 38. Nc4 ({White should play} 38. a3 $16 Nc2 39. Re7) 38... Nxa2 $14 39. Ra1 Nb4 40. Ne5 {Black must now prevent Ng6+.} Kh7 41. Rxa7 Nd5 42. Ra5 Ne3 43. Ba3 Rf5 $2 (43... Rg8 $11 {and Black has nothing to worry.}) 44. Re7 $36 {[%mdl 2048] Black is under strong pressure.} Rxb3 (44... Rc8 $142 45. Bc1 Kg8 46. Bxe3 fxe3) 45. Rxc7 {Hoping for Raa7.} Rf6 46. Raa7 Nf5 47. Kf2 Rb1 {[#]} 48. Ke2 ({White should try} 48. Bc5 $1 $18) 48... Nxd4+ $16 49. Kd2 Ne6 50. Rc6 (50. Re7 $16 {Strongly threatening Nd7.} Ra1 51. Nd7 Ra2+ 52. Kd1) 50... Rb5 51. Be7 Rf5 52. Rxe6 (52. Nd3 $1 $14 Nd4 {[#]} 53. Bf6 $1 {[%mdl 512]} Nxc6 54. Rxg7+ Kh8 55. Rxg5+ Kh7 56. Rg7+ Kh8 57. Bc3) 52... Rfxe5 $11 53. Rxe5 {Accuracy: White = 65%, Black = 65%.} 1/2-1/2

[Event "18th Aeroflot Open-A 2020"]
[Site "Moscow"]
[Date "2020.02.24"]
[Round "6.30"]
[White "Badelka, Olga"]
[Black "Can, Emre"]
[Result "1-0"]
[WhiteElo "2404"]
[BlackElo "2600"]
[Annotator "TA"]
[PlyCount "75"]
[EventDate "2020.02.19"]
[EventType "swiss"]
[EventCountry "RUS"]
[SourceTitle "playchess.com"]
[Source "ChessBase"]
[SourceQuality "1"]

{[%evp 12,75,3,-10,-5,-12,25,19,25,22,15,20,24,31,37,37,39,39,40,41,46,41,96,86,89,87,83,79,89,83,87,93,93,106,131,112,115,100,117,113,89,89,113,55,60,67,56,27,31,5,70,0,92,0,217,237,924,911,761,753,1622,1496,29994,29990,29991,29992]} 1. c4 g6 2. Nc3 c5 3. Nf3 Bg7 4. g3 Nc6 5. Bg2 e5 6. O-O Nge7 7. Ne1 O-O {A37: Symmetrical English vs ...g6: 4 Bg2 Bg7 5 Nf3.} 8. a3 a5 9. Nc2 d6 {The position is equal.} 10. d3 Be6 11. Ne3 Rb8 12. Ned5 Bc8 13. Rb1 Nxd5 {[#]} 14. cxd5 $146 ({Predecessor:} 14. Bxd5 Bh3 15. Re1 Qd7 16. Bd2 Be6 17. Qa4 Ra8 18. Bg2 Rfb8 19. Nd5 Qd8 20. Qd1 {1-0 (62) Schwarzmeier,K (2149)-Steiner,M (1990) Bayern 2008}) 14... Nd4 15. e3 Nf5 16. b4 cxb4 ({Black should play} 16... axb4 $14 17. axb4 Bd7) 17. axb4 $16 Bd7 18. Ba3 b5 19. bxa5 Qxa5 {[%mdl 64] Double Attack} 20. Bb4 Qb6 21. Ne4 h5 22. h3 Rfd8 23. g4 hxg4 24. hxg4 Nh6 25. Qd2 {Hoping for g5.} (25. Bxd6 $6 Bxg4 26. Bc5 Bxd1 $11) 25... Ra8 26. g5 ({Much weaker is} 26. Bxd6 $6 f5 $11) 26... Nf5 27. Nf6+ (27. Ra1 $16) 27... Bxf6 $1 $14 28. gxf6 Kh7 $1 29. e4 Nd4 30. Kh2 Rg8 $1 31. f4 {Kg3 is the strong threat.} (31. Kg3 $5 {[%cal Rf1h1]} g5 32. Rh1+ Kg6 33. Bh3 $14) 31... Rh8 {[#]} 32. Kg3 $1 $40 {[%mdl 128] White attacks.} exf4+ $2 (32... Kg8 $11 {and Black has nothing to worry.}) 33. Rxf4 $18 {White wants to mate with Rh4+.} ({Worse is} 33. Kxf4 g5+ 34. Kg3 Kg6 $11) 33... g5 $2 {[#]} (33... Kg8 34. Rh4 Rxh4 35. Kxh4 Qd8) 34. Rg4 $1 {[%mdl 512] Intending Rh1+ and mate.} Ne2+ (34... Bxg4 35. Qxg5) 35. Qxe2 Kg6 {[#]} 36. e5 $1 {Threatening mate with Be4+.} dxe5 37. Be4+ Kxf6 38. Rf1+ {Accuracy: White = 88%, Black = 66%.} 1-0

[Event "18th Aeroflot Open-A 2020"]
[Site "Moscow"]
[Date "2020.02.24"]
[Round "6.31"]
[White "Karthik Venkataraman"]
[Black "Chigaev, Maksim"]
[Result "0-1"]
[WhiteElo "2483"]
[BlackElo "2616"]
[Annotator "TA"]
[PlyCount "60"]
[EventDate "2020.02.19"]
[EventType "swiss"]
[EventCountry "RUS"]
[SourceTitle "playchess.com"]
[Source "ChessBase"]
[SourceQuality "1"]

{[%evp 11,60,24,37,17,16,11,11,16,1,8,15,4,5,6,4,-105,-112,-108,-110,-111,-108,-119,-102,-219,-246,-227,-229,-234,-232,-239,-235,-327,-311,-327,-208,-189,-209,-172,-206,-188,-141,-321,-320,-318,-303,-297,-151,-1035,-1027,-1298,125]} 1. Nf3 Nf6 2. c4 g6 3. Nc3 d5 4. cxd5 Nxd5 5. Qb3 Nb6 6. d4 Bg7 7. Bf4 {D90: Grünfeld: 4 Nf3 Bg7 sidelines.} Be6 8. Qa3 c5 9. e4 {The position is equal.} cxd4 10. Nb5 O-O 11. Nc7 $1 {[%cal Rc7a8]} Nc6 12. Nxa8 Qxa8 {[#]} 13. Be2 $146 (13. Rc1 $11) ({Predecessor:} 13. Rc1 f5 14. e5 Nd5 15. Bd2 Nxe5 16. Nxd4 Bf7 17. Be2 Nb6 18. b3 Qd8 19. Nf3 {½-½ (66) Navara,D (2729)-Wei,Y (2675) Wijk aan Zee 2015}) 13... Nc4 $1 $36 {[%cal Rc4a3][%mdl 2048] Black is really pushing.} 14. Bxc4 Bxc4 15. Rc1 Bb5 $1 {[%mdl 1024] Black has strong compensation.} 16. Qb3 Ba6 $1 17. e5 {[#]} (17. Bd2 $17) 17... b6 $1 $19 {...Nxe5! is the strong threat.} 18. Kd1 Na5 19. Qc2 d3 20. Qa4 Bb7 21. Nd4 Bxg2 22. Re1 {[#]} d2 $1 {[%mdl 512]} 23. Bxd2 (23. Kxd2 Rd8) 23... Rd8 ({Inferior is} 23... Bf3+ 24. Nxf3 Qxf3+ 25. Re2 $11) 24. Rc2 Qd5 $1 {[%csl LRd4,LRe5][%mdl 64] Strongly threatening ...Be4. Double Attack} 25. Nb3 {[%cal Rb3a5]} Nxb3 26. axb3 $2 (26. Qxb3 $17 {was the only defense.} Be4 27. Qxd5 Bxc2+ 28. Kxc2 Rxd5 29. f4) 26... Bh6 {[%cal Rh6d2]} ({But not} 26... Bxe5 27. Kc1 $17) 27. f4 b5 28. Qb4 {[#]} a5 ({Better is} 28... Bh3 $1 $19 {Threatens to win with ...Bf5.} 29. Qe4 Qe6) 29. Qxe7 $2 (29. Qc5 $17) 29... Bxf4 {[%cal Rd5d2]} 30. e6 Qxd2+ {[%mdl 32768] Black took control after the opening. Accuracy: White = 60%, Black = 77%. . Loss on time!?} 0-1

[Event "18th Aeroflot Open-A 2020"]
[Site "Moscow"]
[Date "2020.02.24"]
[Round "6.32"]
[White "Ivic, Velimir"]
[Black "Raja Harshit"]
[Result "1/2-1/2"]
[WhiteElo "2558"]
[BlackElo "2472"]
[Annotator "TA"]
[PlyCount "147"]
[EventDate "2020.02.19"]
[EventType "swiss"]
[EventCountry "RUS"]
[SourceTitle "playchess.com"]
[Source "ChessBase"]
[SourceQuality "1"]

{[%evp 9,147,19,24,19,12,10,20,26,26,4,12,10,25,31,24,0,16,3,25,20,19,19,26,25,35,32,35,19,35,33,35,35,50,38,94,93,117,114,131,129,127,121,121,118,122,118,157,131,138,139,142,35,40,36,28,-22,0,0,40,48,31,77,88,0,0,-72,-70,-65,0,-26,-14,-87,0,0,0,-41,-16,-40,-31,-20,-22,-32,-23,-29,-34,-129,0,0,0,0,0,0,0,0,0,0,0,0,0,0,0,0,0,0,0,0,0,0,0,0,0,0,0,-226,0,0,0,0,0,0,0,0,0,0,0,0,0,0,0,0,0,0,0,0,0,0,0,0,0,0]} 1. e4 e5 2. Nf3 Nc6 3. Bb5 Nf6 4. d3 Bc5 5. Bxc6 dxc6 6. O-O {C65: Ruy Lopez: Berlin Defence (3...Nf6), unusual lines and 4 0-0 Bc5.} Nd7 {6...Qe7 deserves study. Played by Jeffery Xiong in January 2020.} 7. c3 O-O 8. d4 Bd6 9. Bg5 f6 10. Bh4 c5 11. Bg3 Qe7 12. dxe5 {[#]} Nxe5 $146 ({Predecessor:} 12... fxe5 13. Nbd2 Nb6 14. Qe2 Bg4 15. h3 Bh5 16. Rfe1 Kh8 17. Qe3 h6 18. Nh4 Qf6 {0-1 (47) Wang,H (2758)-Paravyan,D (2629) Caleta 2020}) 13. Nxe5 fxe5 14. Nd2 Be6 15. Qe2 Qf7 16. b3 c6 17. Rfd1 Bc7 18. f3 Rfd8 19. Bf2 Qe7 20. Nc4 b5 21. Nb2 Ba5 (21... c4 $14) 22. c4 $1 $16 Bc3 23. Rac1 b4 24. Nd3 Rd4 25. Bxd4 Bxd4+ 26. Kh1 Rf8 27. Ne1 Qh4 28. Rxd4 cxd4 29. Nd3 Rf6 30. Nxe5 (30. Qe1 $16 Qg5 31. Nxb4 (31. Qxb4 Qe3 $14)) 30... Rh6 $1 $14 {[%csl Gh6][%cal Rh4h2]} 31. g4 Qg3 $1 {[%cal Rg3e5]} 32. Nxc6 d3 $36 {[%mdl 2048] Black fights for an advantage.} 33. Qg2 d2 (33... Qd6 $5 {[%cal Rd6c6]}) 34. Qxd2 (34. Qxg3 $2 {too greedy.} dxc1=Q+ 35. Kg2 Qd2+ 36. Kg1 Qd1+ 37. Kf2 Qd2+ 38. Kg1 Qd1+ 39. Kf2 Qd2+ 40. Kg1 $19) 34... Qxf3+ 35. Qg2 $1 {[%cal Rg2f3]} Qf4 36. Rg1 (36. Re1 $1 $16) 36... Bxg4 $11 37. Nd4 (37. Ne7+ $11 Kf7 38. Nd5 Rxh2+ 39. Qxh2 Bf3+ {[%mdl 64] Double Attack} 40. Rg2 Qc1+ 41. Qg1 Qh6+ 42. Qh2 Qc1+ 43. Qg1 Qh6+ 44. Qh2 Qc1+) 37... Rh4 $1 $17 {[%mdl 1024] Black has strong compensation.} 38. Re1 $1 Qe5 (38... h5 $15) 39. Qf2 Rh6 40. Qg2 (40. Nf5 $1 $11 {remains equal.} Bxf5 41. exf5 Rxh2+ 42. Qxh2 Qxe1+ 43. Kg2) 40... Rh4 (40... Rg6 $1 $17 41. Nf3 Qh5) 41. Qf2 Rh6 42. Nf5 Bxf5 43. exf5 Rxh2+ $1 44. Qxh2 Qxe1+ $15 {[%mdl 4096] Endgame KQ-KQ} 45. Kg2 $1 Qe4+ 46. Kg3 $1 Qxf5 47. Qe2 {[#]} ({Better is} 47. Qh4 $15) 47... h5 (47... Kf7 $1 $17 48. Qd2 a5) 48. Qe7 $11 Qg4+ 49. Kh2 h4 50. Qxb4 Qg3+ 51. Kh1 Qf3+ 52. Kh2 Qg3+ 53. Kh1 g5 54. Qe7 h3 {[%csl Gh3][%cal Rg3g2]} 55. Qe4 g4 {...Qf3+ is the strong threat.} 56. Qg6+ Kf8 {[%csl Gh3][%cal Rg3g2]} 57. Qf6+ Ke8 {[%csl Gh3][%cal Rg3g2]} 58. Qe6+ Kd8 {[%csl Gh3][%cal Rg3g2]} 59. Qf6+ $1 Kc7 {[%csl Gh3][%cal Rg3g2]} 60. Qe7+ Kc6 {[%csl Gh3][%cal Rg3g2]} 61. Qe4+ $2 {[#]} (61. Qe6+ $11 {and White has nothing to worry.} Kc5 62. Qd5+ Kb4 63. Qd2+ Ka3 64. c5) 61... Kc5 $2 {[#]} (61... Kd7 $1 $19 {Strongly threatening ...Qf3+.} 62. Qf5+ Ke7 63. Qg5+ Ke6 64. Qd5+ Kf6) 62. b4+ $1 {[%mdl 576] Decoy. The position is equal.} Kxb4 63. Qe7+ $1 Kxc4 {[%csl Gh3][%cal Rg3g2]} 64. Qf7+ Kd4 {[%csl Gh3][%cal Rg3g2]} 65. Qxa7+ Ke4 {[%csl Gh3][%cal Rg3g2]} 66. Qb7+ Kd4 {( -> ...Qf3+)} 67. Qb4+ Kd5 {[%csl Gh3][%cal Rg3g2]} 68. Qb5+ Ke6 {[%csl Gh3][%cal Rg3g2]} 69. Qe8+ Kf5 {[%csl Gh3][%cal Rg3g2]} 70. Qd7+ Ke4 {[%csl Gh3][%cal Rg3g2]} 71. Qa4+ Kf3 {[%csl Gf3,Gh3][%cal Rg3g2]} 72. Qb3+ Kf2 {[%csl Gf2,Gh3][%cal Rg3g2]} 73. Qc2+ Kf1 {[%csl Gf1][%cal Rg3g1]} 74. Qc4+ {Accuracy: White = 85%, Black = 88%.} 1/2-1/2

[Event "18th Aeroflot Open-A 2020"]
[Site "Moscow"]
[Date "2020.02.24"]
[Round "6.33"]
[White "Kunin, Vitaly"]
[Black "Gadimbayli, Abdulla"]
[Result "1/2-1/2"]
[WhiteElo "2550"]
[BlackElo "2460"]
[Annotator "TA"]
[PlyCount "142"]
[EventDate "2020.02.19"]
[EventType "swiss"]
[EventCountry "RUS"]
[SourceTitle "playchess.com"]
[Source "ChessBase"]
[SourceQuality "1"]

{[%evp 10,142,12,0,7,0,0,2,4,17,16,8,0,0,0,-5,-19,-6,-6,-42,-8,-10,-6,-23,-16,-16,-20,-58,-28,-20,-11,-22,4,0,0,0,0,0,10,0,0,0,20,34,27,20,37,33,20,22,16,22,31,8,7,0,0,0,2,0,32,32,28,16,18,5,112,102,102,100,139,127,215,209,218,193,191,195,266,268,243,259,240,210,257,252,482,481,464,206,195,0,0,0,1,0,0,0,0,0,0,0,0,0,0,0,0,0,0,0,0,-164,-140,-220,0,0,0,0,0,0,0,0,0,0,0,0,0,0,0,0,0,0,0,0,0]} 1. d4 d5 2. Nf3 Nf6 3. c4 c6 4. Qb3 dxc4 5. Qxc4 Bg4 6. Nbd2 Nbd7 {D23: Queen's Gambit Accepted: 3 Nf3 Nf6 sidelines.} 7. g3 e6 8. Bg2 Be7 9. O-O O-O 10. Qb3 Nb6 11. Rd1 {[#]} a5 $146 ({Predecessor:} 11... Qd5 12. Qc3 Qb5 13. e4 c5 14. Re1 Rac8 15. Bf1 Qd7 16. Qa5 cxd4 17. Qxa7 Qc7 {0-1 (32) Kazimova,N (2165)-Tarasova,V (2257) St Petersburg 2009}) 12. Nc4 Nxc4 13. Qxc4 Qd5 14. Qc3 Bb4 15. Qe3 Qb5 16. a3 Be7 17. h3 Bf5 18. Ne5 Bc2 19. Re1 c5 20. Qc3 Bb3 21. dxc5 Bxc5 22. Be3 Bxe3 23. Qxe3 Bd5 24. Bxd5 Nxd5 25. Qd4 Qb6 26. Rad1 Rfd8 27. e4 Qxd4 28. Rxd4 {Black must now prevent Red1.} Nf6 29. Red1 Rxd4 30. Rxd4 $11 {[%mdl 4096] Endgame KRN-KRN} Kf8 31. Kg2 Rc8 32. Kf3 Rc5 33. Nd3 Rc8 34. Rd6 Rc4 35. Rb6 Nxe4 36. Rxb7 Nd6 37. Ra7 a4 (37... Rc2 $11) 38. Nb4 g5 39. Rxa4 Nf5 40. Ra7 Kg7 (40... h5 $16 41. Ke2 h4) 41. Nd3 $18 Rc2 42. Rd7 Kf6 43. g4 Ne7 (43... Nh4+ $142 44. Ke4 Rc4+ 45. Ke3 Ra4) 44. h4 h6 45. hxg5+ hxg5 46. a4 $1 Rc4 47. b4 $1 e5 $2 (47... Nc6 48. b5 Na5) 48. Nc5 Ng6 49. Ne4+ (49. a5 $142 {And now a6 would win.} Rf4+ 50. Ke3 Rxb4 51. a6) 49... Ke6 {[#]} 50. Rb7 $2 (50. Rd6+ $1 $18 Ke7 51. Rb6) 50... Nh4+ $11 51. Ke3 Ng2+ 52. Ke2 Rxe4+ {KRN-KR} 53. Kf3 {[%mdl 64] Double Attack} Kd5 {Strongly threatening ...Nh4+.} 54. Rb5+ Kd4 55. Kxg2 Rxg4+ {KR-KR} 56. Kf3 Rg1 57. a5 {Hoping for a6.} g4+ 58. Ke2 {aiming for a6.} Ra1 59. Rb6 f5 60. a6 $2 {[#]} (60. Rd6+ $11 {and White stays safe.} Kc4 61. Rg6) 60... f4 $1 $19 {[%cal Rf4f3] Threatens to win with ...f3+.} 61. Rd6+ Kc3 $2 (61... Kc4 $19 {...f3+ is the strong threat.} 62. Rc6+ Kb5) 62. Rc6+ $1 $11 {The position is equal.} Kxb4 63. Kd3 {[#]} Kb5 $1 64. Re6 {[#]} e4+ $1 {[%mdl 512]} 65. Rxe4 (65. Kxe4 Re1+) 65... g3 66. fxg3 fxg3 67. Rg4 Ra3+ 68. Ke2 g2 69. Rxg2 Ra2+ 70. Kf3 Rxg2 71. Kxg2 {Intending a7 and mate.} Kxa6 {White used his chance. Accuracy: White = 89%, Black = 76%.} 1/2-1/2

[Event "18th Aeroflot Open-A 2020"]
[Site "Moscow"]
[Date "2020.02.24"]
[Round "6.34"]
[White "Gokerkan, Cem Kaan"]
[Black "Sindarov, Javokhir"]
[Result "0-1"]
[WhiteElo "2461"]
[BlackElo "2537"]
[Annotator "TA"]
[PlyCount "86"]
[EventDate "2020.02.19"]
[EventType "swiss"]
[EventCountry "RUS"]
[SourceTitle "playchess.com"]
[Source "ChessBase"]
[SourceQuality "1"]

{[%evp 23,86,0,-6,0,0,-32,-14,-12,-7,-21,-20,-8,-13,-33,-38,-45,-46,-37,-44,-62,-36,-62,-66,-72,-37,-103,-83,-75,-96,-189,-198,-205,-152,-225,-220,-211,-211,-210,-206,-250,-263,-327,-317,-295,-325,-344,-342,-307,-299,-296,-172,-247,-247,-325,-318,-292,-292,-442,-440,-969,-960,-1585,-1555,-1387,-1327]} 1. Nf3 d5 2. g3 c6 3. Bg2 Bg4 4. O-O Nd7 5. d3 Ngf6 6. Nbd2 e5 7. h3 Bh5 8. e4 dxe4 9. dxe4 Be7 10. b3 O-O 11. Bb2 Qc7 12. Qe2 Rfe8 13. a4 {A07: Réti Opening: New York and Capablanca Systems.} Bc5 {[#]} 14. Rad1 $146 ({Predecessor:} 14. Qc4 a5 15. Nh4 Rab8 16. Nf5 b5 17. Qd3 Bb4 18. Qe3 Rbd8 19. Nf3 Bg6 20. N3h4 bxa4 21. Rxa4 {1-0 (44) Dvoirys,S (2615)-Delemarre,J (2395) Leeuwarden 1997}) 14... Nf8 15. Nc4 {The position is equal.} N6d7 16. Rd3 f6 17. Rfd1 Red8 18. Ne3 Ne6 19. Nf5 Bf8 20. R3d2 a5 21. Bc3 Kh8 (21... b5 $5) 22. Qe1 b5 23. g4 Be8 24. Nd6 ({White should play} 24. g5 $15) 24... Ndc5 $17 25. Nxe8 Rxe8 26. axb5 (26. Ra1 $17 {might work better.}) 26... cxb5 $19 27. Bf1 Qc6 28. Re2 {[#]} (28. Rd5 $17) 28... Nf4 $1 29. Re3 b4 30. Bb2 Nce6 31. Bc4 Rad8 32. Rxd8 Rxd8 33. Qf1 Bc5 34. Re1 Qb6 {Strongly threatening ...Bxf2+!} 35. Kh2 Bxf2 36. Rd1 Nd4 (36... Rc8 $142 37. Bc1 Be3) 37. Bxd4 ({Don't go for} 37. Qxf2 $2 Nxf3+ 38. Kg3 Qxf2+ 39. Kxf2 Rxd1 $19) (37. Nxd4 $142 Bxd4 38. Bc1) 37... Bxd4 38. Qe1 g5 39. h4 Kg7 {White must now prevent ...Bf2.} 40. h5 (40. Qf1 {was called for.}) 40... Bf2 {Black is clearly winning.} 41. Qh1 {[#]} (41. Qf1 $142 Rxd1 42. Qxd1) 41... Be1 $1 {[%mdl 512] ( -> ...Qf2+)} 42. Rd4 (42. Rxe1 Qf2+) 42... Bc3 43. h6+ Kg6 {White did not feel at home in the position after the opening. Accuracy: White = 45%, Black = 84%.} 0-1

[Event "18th Aeroflot Open-A 2020"]
[Site "Moscow"]
[Date "2020.02.24"]
[Round "6.35"]
[White "Sreeshwan Maralakshikari"]
[Black "Sengupta, Deep"]
[Result "1/2-1/2"]
[WhiteElo "2440"]
[BlackElo "2534"]
[Annotator "TA"]
[PlyCount "84"]
[EventDate "2020.02.19"]
[EventType "swiss"]
[EventCountry "RUS"]
[SourceTitle "playchess.com"]
[Source "ChessBase"]
[SourceQuality "1"]

{[%evp 14,84,22,12,10,14,5,-16,-4,-12,-6,0,6,3,26,12,41,25,25,11,43,38,42,23,28,24,26,0,0,0,0,0,0,0,0,0,0,0,0,0,0,0,0,0,0,0,0,0,0,0,0,0,0,0,0,0,0,0,0,0,0,0,0,0,0,0,0,0,0,0,0,0,0]} 1. d4 Nf6 2. c4 e6 3. Nc3 Bb4 4. e3 b6 5. Bd3 Bb7 6. Nf3 Ne4 7. O-O f5 8. Qc2 {[%cal Rc3e4]} Nxc3 {E43: Nimzo-Indian: Rubinstein: 4...b6.} 9. bxc3 Bxf3 $1 10. cxb4 Qg5 {[%csl Gf3][%cal Rg5g2] [#]} 11. g3 Qg4 {( -> ...Qh3)} 12. Re1 $1 Nc6 13. a3 {[#]} O-O $146 ({Predecessor:} 13... h5 14. Be2 h4 15. Bxf3 Qxf3 16. Qe2 Qxe2 17. Rxe2 hxg3 18. hxg3 d5 19. Rc2 Kd7 20. Bd2 Ne7 21. cxd5 Nxd5 22. Re1 Rh3 23. e4 fxe4 24. Rxe4 Rh5 25. Rg4 {½-½ (25) Ponomarjov,R (2279)-Siigur,J (2429) ICCF email 2018}) 14. Be2 Ne7 15. Bxf3 Qxf3 16. Qe2 Qb7 (16... Qxe2 {is interesting.} 17. Rxe2 c6 18. a4 Rfb8 19. b5 Kf7) 17. a4 a6 18. Bd2 (18. Bb2 {seems wilder.} c6 19. Bc3 Rac8 20. f3 Ra8 21. Kg2) 18... b5 19. cxb5 axb5 20. Qxb5 (20. a5 {looks sharper.} Nc8 21. f3 Nd6 22. e4 Nc4 23. Qd3) 20... Qxb5 {The position is equal.} 21. axb5 Rxa1 22. Rxa1 $11 {[%mdl 4096] Endgame KRB-KRN} Rb8 23. Ra7 Nd5 24. f3 Rxb5 25. Kf2 Kf7 26. e4 fxe4 27. fxe4 Nxb4 28. Rxc7 Ke7 29. Bxb4+ (29. Rc3 {with more complications.} Nc6 30. Ke3 Rb1 31. Rd3 Rh1 32. h4) 29... Rxb4 {KR-KR} 30. Ke3 g5 31. Rc5 h6 32. h4 Rb3+ 33. Kf2 g4 34. Rh5 Rf3+ 35. Kg2 Rf6 36. Ra5 Rf8 37. Rh5 Rh8 38. Rb5 Kd6 39. Rb6+ Kc7 40. Rb5 Kc6 41. Rc5+ Kd6 42. Rh5 Ke7 {Accuracy: White = 96%, Black = 93%.} 1/2-1/2

[Event "18th Aeroflot Open-A 2020"]
[Site "Moscow"]
[Date "2020.02.24"]
[Round "6.36"]
[White "Vignesh N R"]
[Black "Sadhwani, Raunak"]
[Result "0-1"]
[WhiteElo "2436"]
[BlackElo "2522"]
[Annotator "TA"]
[PlyCount "78"]
[EventDate "2020.02.19"]
[EventType "swiss"]
[EventCountry "RUS"]
[SourceTitle "playchess.com"]
[Source "ChessBase"]
[SourceQuality "1"]

{[%evp 16,78,41,22,35,34,31,22,21,11,18,0,20,30,16,13,29,0,31,-67,-47,-64,-56,-99,-96,-100,-99,-167,-172,-142,-160,-174,-176,-150,-50,-182,-76,-70,-84,-347,-364,-362,-354,-469,-485,-474,-463,-460,-452,-441,-451,-594,-579,-760,-737,-888,-876,-950,-930,-931,-929,-888,-883,-857,-840]} 1. d4 f5 2. Nf3 Nf6 3. g3 g6 4. Bg2 Bg7 5. O-O O-O 6. c4 d6 7. Nc3 c6 8. Re1 {8.b3 is a critical line.} Na6 9. b3 Qc7 {A88: Dutch Defence: Leningrad System: 5 Nf3 0-0 6 0-0 d6 7 Nc3 c6.} 10. Ba3 Qa5 {[#]} 11. Qc1 $146 ({Predecessor:} 11. Bb2 e5 12. Qd2 exd4 13. Nxd4 Nc5 14. Rad1 Qc7 15. b4 Nce4 16. Nxe4 Nxe4 17. Qc2 {½-½ (78) Sadzikowski,D (2546)-Vovk,A (2632) Gallipoli 2016}) 11... Bd7 {The position is equal.} 12. e4 fxe4 13. Nxe4 Nxe4 14. Rxe4 Rae8 15. Bb2 Bf5 16. Bc3 Qb6 17. Re2 (17. Rh4 $14) 17... Bg4 $36 {[%mdl 2048] White is under pressure.} 18. Qe3 {[#]} e5 $1 {[%cal Re5e4][%mdl 512]} 19. c5 {[#]} (19. dxe5 Bxf3) 19... exd4 $1 ({Much worse is} 19... dxc5 $6 20. dxe5 Nc7 21. Qe4 $11) 20. Qxe8 Qxc5 21. Bb2 (21. Bxd4 $17 Bxd4 22. Nxd4 Qxd4 23. Rf1 Bxe2 24. Qxe2) 21... Rxe8 $19 22. Rxe8+ Kf7 23. Re4 Bxf3 $1 24. Bxf3 Nb4 (24... Nc7 $17 {Strongly threatening ...d5.} 25. Rd1 Nb5) 25. Rd1 (25. Rf4+ $1 $15 Ke7 26. Rd1) 25... Nc2 (25... Nxa2 $19 {has better winning chances. aiming for ...Nc3.} 26. Rf4+ Kg8 27. Bxd4 Bxd4 28. Rfxd4 d5) 26. Bg4 $17 Be5 27. Rd3 $2 {[%mdl 8192]} (27. Be2 $17 Qa5 28. Bc4+ Kg7 29. a4) 27... Qd5 $19 28. Bf3 {[#] And now Rf4+! would win.} Qa5 $1 29. a3 Ne1 {Black is clearly winning.} 30. b4 Qb5 ({Weaker is} 30... Nxd3 31. bxa5 Nxb2 32. Re1 $17) 31. Rb3 Qc4 32. Bd1 Nd3 33. Ba1 Kg7 34. f4 d5 35. Re2 Nc1 {[%mdl 64] Double Attack, Discovered Attack} 36. Rxe5 Nxb3 37. Bb2 Qd3 38. Bxb3 Qb1+ 39. Bd1 Qxb2 {Accuracy: White = 38%, Black = 84%.} 0-1